Sociálne poistenie a sociálne dávky v kontexte základných fondov Sociálnej poisťovne SR
Saved in:
| Main Author: | |
|---|---|
| Format: | Book Chapter |
| Language: | English |
| Subjects: | |
| Tags: |
No Tags, Be the first to tag this record!
|
MARC
| LEADER | 00000naa$a2200000$$$4500 | ||
|---|---|---|---|
| 001 | 0180777 | ||
| 005 | 20240502073105.8 | ||
| 041 | 0 | |a eng | |
| 044 | |a SK | ||
| 245 | 1 | 0 | |a Sociálne poistenie a sociálne dávky v kontexte základných fondov Sociálnej poisťovne SR |c Silvia Megyesiová |
| 500 | |a Abstrakt | ||
| 610 | 2 | 0 | |a poistenie sociálne |
| 610 | 2 | 0 | |a dávky sociálne |
| 610 | 2 | 0 | |a Slovensko |
| 100 | 1 | |a Megyesiová, Silvia, 1969- | |